| 000 | 00486nam a2200145 4500 | ||
|---|---|---|---|
| 001 | 106948 | ||
| 003 | ES-MaACL | ||
| 005 | 20230906184319.0 | ||
| 007 | t| | ||
| 008 | 061121s1917 sp r ||||1| spa d | ||
| 100 | 1 |
_aMoragas y Gracia, Ricardo. _982923 |
|
| 245 | 1 | 0 |
_aContribución al estudio de la distribución geográfica de las tiñas. Las tiñas de Barcelona _b: Tesis doctoral / _cRicardo Moragas y Gracia. |
| 260 |
_aBarcelona : _b[s.n.], _c1917. |
||
| 852 |
_aES-MaACL _j1520-F-5 |
||
| 999 |
_c106948 _d106948 |
||